000 00545nam a2200169Ia 4500
008 090711s9999 xx 000 0 und d
082 _b1695
100 _aकप्तान संजय
245 _aजादुगाराSां जाळं
260 _bग्रंथाली
_c2000
300 _a64
600 _aकप्तान संजय
630 _aजादुगाराSां जाळं
700 _aकप्तान संजय
730 _aजादुगाराSां जाळं
942 _cBOOK
999 _c338734
_d338731